000 00489nam a2200169Ia 4500
003 GCL
008 140319s9999 xx 000 0 ara d
040 _aGCL /
_cGCL
082 0 4 _a214.301
_bع ا
100 1 _aعبدالقادر طايش
245 1 0 _aالاعلام وقضايا الواقع الاسلامى /
_cعبدالقادر طايش
300 _a177 ص
490 _a100 قصة
_v0
650 0 4 _aالاعلام
650 0 4 _aالاعلام الاسلامى
942 _2ddc
_cBK
999 _c43877
_d43877